Sortilèges du verbe
Guardat en:
| Autor principal: | |
|---|---|
| Format: | Llibre |
| Idioma: | francès |
| Publicat: |
París
Gallimard
1949
|
| Edició: | 9a. ed |
| Matèries: | |
| Etiquetes: |
Afegir etiqueta
Sense etiquetes, Sigues el primer a etiquetar aquest registre!
|
MARC
| LEADER | 00000nam a2200000 a 4500 | ||
|---|---|---|---|
| 001 | UCO5930 | ||
| 003 | CL-VaPUC | ||
| 008 | 000922e19490000FR |||||||||||||||||fre|d | ||
| 082 | 0 | 4 | |a 801 |b GHY |2 21 |
| 100 | |a Ghyka, Matila Costiescu |e author |9 450732 | ||
| 245 | 1 | 0 | |a Sortilèges du verbe |
| 250 | |a 9a. ed | ||
| 300 | |a 230 p | ||
| 942 | |c BK | ||
| 945 | |d 20000922 00:00:00 |a crobeson | ||
| 260 | |a París |b Gallimard |c 1949 | ||
| 650 | 0 | |a Literatura |9 259151 | |
| 650 | 0 | |a Teoría literaria |9 342621 | |
| 650 | 0 | |a Lingüística |9 265068 | |
| 650 | 7 | |a METAFORA |2 CL-VaPUC |9 331834 | |
| 650 | 0 | |a Analogía |9 348086 | |
| 650 | 0 | |a Composición literaria |9 324494 | |
| 583 | |a last modification |c 20000922 00:00:00 |k Rodrigo Vera | ||
| 999 | |c 291746 |d 291744 | ||
| 952 | |0 0 |1 0 |4 0 |6 801_000000000000000_GHY_1949 |7 0 |8 A |9 341916 |a BIBART |b BIBART |d 2019-11-20 |i 1224093 |o 801 GHY 1949 |p 1224093 |r 2025-03-13 |w 2019-11-20 |y BK |k ART | ||